| 000 | 00410nam a2200157 i 4500 | ||
|---|---|---|---|
| 001 | 32931 | ||
| 003 | ES-MaACL | ||
| 005 | 20230906154651.0 | ||
| 007 | t| | ||
| 008 | 030131s1926 fr ||||1| fre d | ||
| 100 | 1 |
_aBernanos, Georges. _928225 |
|
| 245 | 1 | 0 |
_aSous le soleil de Satan / _cGeorges Bernanos. |
| 260 |
_aParis : _bPlon, _c1926 ( _fPlon) |
||
| 300 |
_a363 p. ; _c19 cm. |
||
| 852 |
_aES-MaACL _jA-2917 |
||
| 999 |
_c32931 _d32931 |
||